000 00760cam a22002533a 4500
001 3005
003 PGUSA
005 20140828083024.0
008 020101s2002||||xxu|||||s|||||000 1 eng d
040 _aPGUSA
_beng
042 _adc
050 4 _aPZ
100 1 _aAppleton, Victor
245 1 0 _aTom Swift and His Airship
_h[electronic resource] /
_cVictor Appleton
260 _bProject Gutenberg,
_c2002
506 _aPublic domain in the USA.
516 _aElectronic text
653 _aAdventure and adventurers -- Juvenile fiction
653 _aAirships -- Juvenile fiction
653 _aSwift, Tom (Fictitious character) -- Juvenile fiction
830 0 _aProject Gutenberg
_v3005
856 4 0 _uhttp://www.gutenberg.org/ebooks/3005
942 _cEB
999 _c232335
_d232335